<?xml version="1.0" encoding="UTF-8"?>
<record
    xmlns:xsi="http://www.w3.org/2001/XMLSchema-instance"
    xsi:schemaLocation="http://www.loc.gov/MARC21/slim http://www.loc.gov/standards/marcxml/schema/MARC21slim.xsd"
    xmlns="http://www.loc.gov/MARC21/slim">

  <leader>03440pam a2200337 a 4500</leader>
  <controlfield tag="001">1637525</controlfield>
  <controlfield tag="003">OSt</controlfield>
  <controlfield tag="005">20210414114457.0</controlfield>
  <controlfield tag="008">961203s1997    nhu      b    001 0 eng  </controlfield>
  <datafield tag="010" ind1=" " ind2=" ">
    <subfield code="a">   96052264 </subfield>
  </datafield>
  <datafield tag="020" ind1=" " ind2=" ">
    <subfield code="a">1858986001</subfield>
  </datafield>
  <datafield tag="020" ind1=" " ind2=" ">
    <subfield code="a">1858986036 (pbk.)</subfield>
  </datafield>
  <datafield tag="040" ind1=" " ind2=" ">
    <subfield code="a">DLC</subfield>
    <subfield code="c">DLC</subfield>
    <subfield code="d">DLC</subfield>
  </datafield>
  <datafield tag="050" ind1="0" ind2="0">
    <subfield code="a">HB139.C435 </subfield>
  </datafield>
  <datafield tag="082" ind1="0" ind2="0">
    <subfield code="a">330/.01/5195</subfield>
    <subfield code="2">21</subfield>
  </datafield>
  <datafield tag="100" ind1="1" ind2=" ">
    <subfield code="a">Charemza, Wojciech W.</subfield>
  </datafield>
  <datafield tag="245" ind1="1" ind2="0">
    <subfield code="a">New directions in econometric practice: General to specific modelling, cointegration, and vector autoregression. /</subfield>
    <subfield code="c">Wojciech W. Charemza and Derek F. Deadman.</subfield>
  </datafield>
  <datafield tag="250" ind1=" " ind2=" ">
    <subfield code="a">2nd ed.</subfield>
  </datafield>
  <datafield tag="260" ind1=" " ind2=" ">
    <subfield code="a">Massachusetts :</subfield>
    <subfield code="b">Edward Elgar Pub.,</subfield>
    <subfield code="c">1997.</subfield>
  </datafield>
  <datafield tag="300" ind1=" " ind2=" ">
    <subfield code="a">xiv, 344 p. :</subfield>
    <subfield code="c">24 cm.</subfield>
  </datafield>
  <datafield tag="500" ind1=" " ind2=" ">
    <subfield code="a">Includes bibliographical references and indexes.</subfield>
  </datafield>
  <datafield tag="505" ind1=" " ind2=" ">
    <subfield code="a">Contents: Traditional methodology in retrospect: Introduction -- Principles of traditional methodology -- The Failure of traditional econometrics -- Suggestions for further reading -- Data mining: Model selection and through 'data mining' -- The R*2 and student -t statistic criteria -- Pretesting and model selection -- Data mining and the failure of traditional econometrics -- Suggestions for further reading -- Origins of a modern methodology: The DHSY consumption function: Introduction -- Economic background -- Models of absolute and permanent income -- The DHSY model -- Methodological aspects of DHSY modelling -- Testing for parameter constancy -- Stylized computer output (PC-GIVE) -- Suggestions for further reading -- General to specific modelling: Autoregressive distributed lag modelling -- Testing restrictions -- Modelling the UK consumption function -- COMFAC analysis -- General to specific modelling and data mining -- Stylized computer output (PC-GIVE) -- Suggestions for further reading -- Cointegration analysis: Introductory concepts -- Nonstationary series and integrated processes -- Testing for the order of integration -- Further considerations in the testing for the order of integration -- The concept of cointegration -- Testing for cointegration -- Modelling cointegration series through error correction models -- An example of cointegration analysis -- Stylized computer output (PC-GIVE) -- Suggestions for further reading -- Vector autoregression: Forecasting, causality and cointegration: A reconsideration of structural modelling -- Principles of vector autoregressive modelling -- Impulse response analysis -- Casualty inference -- VAR and cointegration inference -- VAR alternatives to the DHSY model -- Stylized computer output (PC-GIVE) -- Suggestions for further reading -- Exogeneity and structural invariance: Data generating processes -- Weak and strong exogeneity -- Structural invariance, superexogeneity and the lucas critique -- Exogeneity in the DHSY model -- Stylized computer output (PC-GIVE) -- Suggestions for further reading -- Non-nested models, encompassing and model selection: Problems in choosing between models -- Model selection tests -- An empirical encompassing exercise -- Stylized computer output (PC-GIVE) -- Suggestions for further reading.</subfield>
  </datafield>
  <datafield tag="650" ind1=" " ind2="0">
    <subfield code="a">Econometric models.</subfield>
  </datafield>
  <datafield tag="650" ind1=" " ind2="0">
    <subfield code="a">Autoregression (Statistics)</subfield>
  </datafield>
  <datafield tag="650" ind1=" " ind2="0">
    <subfield code="a">Vector analysis.</subfield>
  </datafield>
  <datafield tag="650" ind1=" " ind2="0">
    <subfield code="a">Cointegration.</subfield>
  </datafield>
  <datafield tag="700" ind1="1" ind2=" ">
    <subfield code="a">Deadman, Derek F.</subfield>
    <subfield code="d">1948-</subfield>
  </datafield>
  <datafield tag="906" ind1=" " ind2=" ">
    <subfield code="a">7</subfield>
    <subfield code="b">cbc</subfield>
    <subfield code="c">orignew</subfield>
    <subfield code="d">1</subfield>
    <subfield code="e">ocip</subfield>
    <subfield code="f">19</subfield>
    <subfield code="g">y-gencatlg</subfield>
  </datafield>
  <datafield tag="942" ind1=" " ind2=" ">
    <subfield code="2">lcc</subfield>
    <subfield code="c">BK</subfield>
  </datafield>
  <datafield tag="999" ind1=" " ind2=" ">
    <subfield code="c">5672</subfield>
    <subfield code="d">13172</subfield>
  </datafield>
  <datafield tag="952" ind1=" " ind2=" ">
    <subfield code="0">0</subfield>
    <subfield code="1">0</subfield>
    <subfield code="2">lcc</subfield>
    <subfield code="4">0</subfield>
    <subfield code="7">0</subfield>
    <subfield code="a">WIUC-1</subfield>
    <subfield code="b">WIUC-1</subfield>
    <subfield code="c">REF</subfield>
    <subfield code="d">2015-07-23</subfield>
    <subfield code="l">0</subfield>
    <subfield code="o">HB139.C435</subfield>
    <subfield code="p">7853/280/15</subfield>
    <subfield code="r">2015-07-23 00:00:00</subfield>
    <subfield code="t">1</subfield>
    <subfield code="w">2015-07-23</subfield>
    <subfield code="y">BK</subfield>
  </datafield>
  <datafield tag="952" ind1=" " ind2=" ">
    <subfield code="0">0</subfield>
    <subfield code="1">0</subfield>
    <subfield code="2">lcc</subfield>
    <subfield code="4">0</subfield>
    <subfield code="7">0</subfield>
    <subfield code="a">WIUC-1</subfield>
    <subfield code="b">WIUC-1</subfield>
    <subfield code="c">REF</subfield>
    <subfield code="d">2015-07-23</subfield>
    <subfield code="l">0</subfield>
    <subfield code="o">HB139.C4351</subfield>
    <subfield code="p">7854/281/15</subfield>
    <subfield code="r">2015-07-23 00:00:00</subfield>
    <subfield code="t">2</subfield>
    <subfield code="w">2015-07-23</subfield>
    <subfield code="y">BK</subfield>
  </datafield>
</record>
